LEADER 01066nam a2200241 i 4500 001 000000254783 003 CaOOAMICUS 005 20170626000000.0 008 170626s1849 it u000 u ita u 013 $a233688 040 $aSeMil$bita 100 1 $aBalbo, Cesare,$d<1789-1853>.$0(OLS)http://semarc/name/8229 245 10$aDella storia d'Italia dalle origini fino all'anno 1814 :$bsommario /$cdi Cesare Balbo. 250 $a5. ed. fatta sulla 1. compiuta, copiosamente corretta e ampliata. 260 $aLosanna :$bS. Bonamici e C.,$c1849. 300 $a409 p. ;$c19 cm. 500 $aLegato con 3U-II-21 FA. 650 4$aItalia - Storia.$0(OLS)http://semarc/subject/579 650 4$aItalia - Storia - Origini-1814.$0(OLS)http://semarc/subject/46884 850 $aSeMil 852 $aSeMil$W1$xVenegono$y1$m3U II 22 FA$j205129$B205129$CSeMilBibl$Z2$F218630 $8I 996 $6245$aDella storia d'Italia dalle origini fino all'anno 1814 :$bsommario$9(OLS)http://semarc/title/411098 996 $6260$aLosanna :$bS. Bonamici e C.$9(OLS)http://semarc/publisher/54151 LEADER 00841nam a2200217 i 4500 001 000000212006 003 CaOOAMICUS 005 20120323000000.0 008 120323s1967 it u000 u ita u 013 $a190835 040 $aSeMil$bita 100 1 $aEhrenberg, Victor.$0(OLS)http://semarc/name/64793 245 13$aLo stato dei greci /$cVictor Ehrenberg. 260 $aFirenze :$bLa Nuova Italia,$c1967. 300 $a422 p. ;$c22 cm. 650 4$aGrecia antica - Civiltà.$0(OLS)http://semarc/subject/4281 650 4$aGrecia antica - Politica.$0(OLS)http://semarc/subject/33364 850 $aSeMil 852 $aSeMil$W1$xVenegono$y1$m3S III 246$j162445$B162445$CSeMilBibl$Z2$F173700 $81 996 $6245$aLo stato dei greci$9(OLS)http://semarc/title/306143 996 $6260$aFirenze :$bLa Nuova Italia$9(OLS)http://semarc/publisher/30055